000 01607nam a2200433 i 4500
001 85334
003 FlNmELB
005 20241217171401.0
006 m o d |
007 cr cnu||||||||
008 141128s2010 sp ob 001 0 spa d
020 _z9788468109008
020 _a9788468146553 (e book)
035 _a(MiAaPQ)EBC3207407
035 _a(Au-PeEL)EBL3207407
035 _a(CaPaEBR)ebr10646663
035 _a(OCoLC)1105428957
040 _aFINmELB
_bspa
_erda
_cFINmELB
050 4 _aBJ1853
_bR9346 2010
080 _a395
082 0 _a395
_223
100 1 _aRuiz Mateos, María del Rosario.
245 1 0 _aManual protocolo general :
_bformación para el empleo /
_cMaría del Rosario Ruiz Mateos.
264 1 _aMadrid :
_bEditorial CEP, S.L.,
_c2010.
300 _a1 recurso en línea (ii, 272 páginas)
336 _atexto
_btxt
_2rdacontent/spa
337 _acomputadora
_bc
_2rdamedia/spa
338 _arecurso en línea
_bcr
_2rdacarrier/spa
500 _aEn la cubierta: Ambito Intersectorial.
504 _aContiene bibliografía e índice.
588 _aDescripción basada en recurso en línea; Título de la página del título en PDF (e-libro, visto november 28, 2014).
590 _aRecurso electrónico. Santa Fe, Arg.: e-libro, 2015. Disponible vía World Wide Web. El acceso puede estar limitado para las bibliotecas afiliadas a e-libro.
650 0 _aEtiquette.
650 0 _aCourtesy.
650 4 _aEtiqueta.
655 4 _aLibros electrónicos.
797 2 _ae-libro, Corp.
856 4 0 _uhttps://elibro.net/ereader/politecnicointernacional/50535
999 _c85334
_d85334